Sheffield City Council v Oliver (Record no. 108763)

MARC details
000 -LEADER
fixed length control field 02407cam a22003135a 4500
001 - CONTROL NUMBER
control field L145337
008 - FIXED-LENGTH DATA ELEMENTS--GENERAL INFORMATION
fixed length control field 080930e20080818xxk f v 000 0 eng d
035 ## - SYSTEM CONTROL NUMBER
System control number (Sirsi) u145337
041 0# - LANGUAGE CODE
Language code of text/sound track or separate title eng
245 00 - TITLE STATEMENT
Title Sheffield City Council v Oliver
Medium [electronic resource]
260 ## - PUBLICATION, DISTRIBUTION, ETC.
Date of publication, distribution, etc. 2008
520 ## - SUMMARY, ETC.
Summary, etc. LRX/146/2007 18 August 2008. External windows on a dwelling house were part of its structure for the purpose of the Housing Act 1985 and a landlord was therefore entitled to charge a tenant for their replacement as part of the service charge. Appellant local authority landlord (S) appealed against a tribunal's decision that it had no obligation to replace exterior windows of a property leased by the respondent (O) and that the costs of the hearing could not be considered when determining the service charge payable. O was informed that S planned to carry out the replacement works and challenged the plans under the Landlord and Tenant Act 1985 S27A as to their reasonableness. The tribunal found that the windows were not part of the exterior or structure and that S had no duty to replace them and that the costs should be reduced and the hearing costs were not to be counted as relevant. S held that the lease and implied covenants left it with a duty to repair the windows. Held: appeal allowed in part. The tribunal should have classed the windows as part of the external structure of the building and by relying on the improvement covenant in the lease S was eligible to add the costs of repair to the service charge. It had, however, provided a quote that was less than reasonable and so it was right that the increase to the service charge was reduced by a reasonable amount.
521 ## - TARGET AUDIENCE NOTE
Target audience note Advanced
590 ## - LOCAL NOTE (RLIN)
Local note KA
650 24 - SUBJECT ADDED ENTRY--TOPICAL TERM
Topical term or geographic name entry element HOUSING ACT 1985
650 24 - SUBJECT ADDED ENTRY--TOPICAL TERM
Topical term or geographic name entry element IBRAHIM V DOVECORN REVERSIONS LTD
650 24 - SUBJECT ADDED ENTRY--TOPICAL TERM
Topical term or geographic name entry element IRVINE V MORGAN
650 24 - SUBJECT ADDED ENTRY--TOPICAL TERM
Topical term or geographic name entry element LANDLORD AND TENANT ACT 1985
650 24 - SUBJECT ADDED ENTRY--TOPICAL TERM
Topical term or geographic name entry element MARLBOROUGH PARK SERVICES LTD V ROWE AND ANOTHER
650 24 - SUBJECT ADDED ENTRY--TOPICAL TERM
Topical term or geographic name entry element PEARLMAN V HARROW SCHOOL
650 24 - SUBJECT ADDED ENTRY--TOPICAL TERM
Topical term or geographic name entry element QUICK V TAFF ELY BC
650 24 - SUBJECT ADDED ENTRY--TOPICAL TERM
Topical term or geographic name entry element SHEFFIELD CITY COUNCIL V OLIVER
650 24 - SUBJECT ADDED ENTRY--TOPICAL TERM
Topical term or geographic name entry element BALL V PLUMMER
650 24 - SUBJECT ADDED ENTRY--TOPICAL TERM
Topical term or geographic name entry element BOSWELL V CRUCIBLE STEEL CO
651 #4 - SUBJECT ADDED ENTRY--GEOGRAPHIC NAME
Geographic name England and Wales
Chronological subdivision 1543-
690 ## - LOCAL SUBJECT ADDED ENTRY--TOPICAL TERM (OCLC, RLIN)
Topical term or geographic name as entry element PROPERTY-LANDLORD AND TENANT-SERVICE CHARGES
856 40 - ELECTRONIC LOCATION AND ACCESS
Uniform Resource Identifier <a href="https://www.landstribunal.gov.uk/Aspx/view.aspx?id=542">https://www.landstribunal.gov.uk/Aspx/view.aspx?id=542</a>
Public note View the item free of charge online at www.landstribunal.gov.uk...
942 ## - ADDED ENTRY ELEMENTS (KOHA)
Suppress in OPAC 0
Holdings
Withdrawn status Lost status Source of classification or shelving scheme Damaged status Not for loan Home library Current library Shelving location Date acquired Total Checkouts Full call number Barcode Date last seen Copy number Price effective from Koha item type
    Dewey Decimal Classification     Virtual Virtual Online 30/09/2008   ONLINE PUBLICATION 145337-1001 06/08/2019 1 06/08/2019 Law report